000 00433nam a22001937a 4500
003 OSt
005 20211014101806.0
008 211014b |||||||| |||| 00| 0 eng d
020 _a9780697295675
040 _cHU
050 _a1
082 _210TH/ED
_a613.7COR
100 _aCOR
_913531
245 _aCONCEPTS OF PHYSICAL FITNESS
250 _a1
260 _aCIP
_bMcGRAW HILL
_c2000
300 _a422
942 _2ddc
_cBOOKS
_n0
999 _c12665
_d12665